Úvod do syntaxe a sémantiky některé nové směry v teoretické lingvistice

Saved in:
Bibliographic Details
Main Author: Sgall, Petr
Format: Book
Language:Czech
Published: Praha Academia 1986
Tags: Add Tag
No Tags, Be the first to tag this record!

MARC

LEADER 00000nam a2200000 4500
001 c103470
005 20041019155129.4
041 0 |a cze 
044 |a CZ 
245 1 0 |a Úvod do syntaxe a sémantiky  |b některé nové směry v teoretické lingvistice  |c Petr Sgall a kol. 
264 1 |a Praha  |b Academia  |c 1986 
300 |a 197 s. 
100 1 |a Sgall, Petr